00351cam a2200133 a 4500020001500000040000800015082002600023100001900049245004700068250001200115260003700127300003600164650001700200 a039304002X cDLC00a510 NOR 1997 A057 Or.1 aGullberg, Jan.10aMathematics :bfrom the birth of numbers / a1st ed. aNew York :bW.W. Norton,cc1997. axxii, 1093 p. :bill. ;c27 cm. 0aMathematics.